[Event "5. Open BMW Augusta-Aragón - Stadium Ca"]
[Site "Zaragoza ESP"]
[Date "2011.12.28"]
[Round "6.1"]
[White "Kogan, Artur"]
[Black "Georgiev, Kiril"]
[Result "1/2-1/2"]
[WhiteElo "2572"]
[BlackElo "2666"]
[PlyCount "28"]
[EventDate "2011.12.23"]
[EventType "swiss"]
[EventRounds "9"]
[EventCountry "ESP"]
[Source "lmi"]
[SourceDate "2011.12.23"]

1. e4 e5 2. Nf3 Nc6 3. Bc4 Bc5 4. c3 Nf6 5. d4 exd4 6. cxd4 Bb4+ 7. Bd2 Bxd2+
8. Nbxd2 d5 9. exd5 Nxd5 10. Qb3 Nce7 11. O-O O-O 12. Rfe1 c6 13. Ne4 Qb6 14.
Nc3 Qxb3 1/2-1/2

[Event "5. Open BMW Augusta-Aragón - Stadium Ca"]
[Site "Zaragoza ESP"]
[Date "2011.12.28"]
[Round "6.3"]
[White "Garza Marco, Sergio"]
[Black "Gonzalez Perez, Arian"]
[Result "1-0"]
[WhiteElo "2394"]
[BlackElo "2474"]
[PlyCount "59"]
[EventDate "2011.12.23"]
[EventType "swiss"]
[EventRounds "9"]
[EventCountry "ESP"]
[Source "lmi"]
[SourceDate "2011.12.23"]

1. d4 Nf6 2. c4 g6 3. Nc3 Bg7 4. e4 O-O 5. Be3 d6 6. f3 Nbd7 7. Nge2 c5 8. d5
a6 9. a4 Ne5 10. Ng3 e6 11. Be2 exd5 12. cxd5 Bd7 13. h3 b5 14. f4 Nc4 15. Bxc4
bxc4 16. O-O Rb8 17. e5 Ne8 18. Qe2 Qc7 19. Nge4 Bf5 20. g4 Bc8 21. Rf2 Rb4 22.
Rd1 f5 23. exd6 Nxd6 24. Nxc5 Qe7 25. Ne6 Ne4 26. Nxe4 Rxb2 27. Qxc4 fxe4 28.
Rxb2 Bxe6 29. dxe6 Bxb2 30. Rd7 1-0

[Event "5. Open BMW Augusta-Aragón - Stadium Ca"]
[Site "Zaragoza ESP"]
[Date "2011.12.28"]
[Round "6.5"]
[White "Lopez Gracia, Fernando"]
[Black "Mirzoev, Azer"]
[Result "0-1"]
[WhiteElo "2336"]
[BlackElo "2510"]
[PlyCount "46"]
[EventDate "2011.12.23"]
[EventType "swiss"]
[EventRounds "9"]
[EventCountry "ESP"]
[Source "lmi"]
[SourceDate "2011.12.23"]

1. c4 e5 2. g3 Nc6 3. Bg2 Bc5 4. Nc3 d6 5. e3 a6 6. Nge2 Ba7 7. d3 h5 8. h3 h4
9. g4 f5 10. gxf5 Bxf5 11. Nd5 Qd7 12. b4 Nd8 13. Bb2 c6 14. Ndc3 Nf6 15. d4
Nf7 16. Qd2 exd4 17. Nxd4 Ne5 18. Nxf5 Qxf5 19. Qe2 Nd3+ 20. Kf1 O-O 21. Rd1
Nxb2 22. Qxb2 Bxe3 23. Kg1 Ba7 0-1

[Event "5. Open BMW Augusta-Aragón - Stadium Ca"]
[Site "Zaragoza ESP"]
[Date "2011.12.28"]
[Round "6.6"]
[White "Franco Ocampos, Zenon"]
[Black "Rzayev, Bahruz"]
[Result "1-0"]
[WhiteElo "2505"]
[BlackElo "2313"]
[PlyCount "107"]
[EventDate "2011.12.23"]
[EventType "swiss"]
[EventRounds "9"]
[EventCountry "ESP"]
[Source "lmi"]
[SourceDate "2011.12.23"]

1. d4 d5 2. Nf3 Nf6 3. c4 c5 4. cxd5 cxd4 5. Qxd4 Qxd5 6. Nc3 Qxd4 7. Nxd4 a6
8. Bf4 Nbd7 9. Bc7 b5 10. f3 Bb7 11. e4 Rc8 12. Bg3 e5 13. Nb3 Bb4 14. Rc1 Nh5
15. Bf2 Nf4 16. a3 Nc5 17. Bxc5 Bxc5 18. Nxb5 Bb4+ 19. axb4 Rxc1+ 20. Nxc1 axb5
21. Bxb5+ Ke7 22. Nd3 Ra8 23. Kd2 Nxg2 24. Nxe5 f6 25. Nd3 Nh4 26. Rc1 Kd6 27.
Ke3 Rb8 28. Bc4 g5 29. b5 f5 30. b4 Nxf3 31. Kxf3 fxe4+ 32. Ke3 exd3 33. Bxd3
Rf8 34. Rc5 h6 35. b6 Bc6 36. Rf5 Rxf5 37. Bxf5 Be8 38. Be4 h5 39. Kd4 Bd7 40.
b7 Kc7 41. Ke5 g4 42. Kf4 Bb5 43. Bg6 Be2 44. Kg3 h4+ 45. Kxh4 Kxb7 46. Bh5 Kc6
47. Bxg4 Bd3 48. Kg5 Kb5 49. h4 Kxb4 50. h5 Kc5 51. h6 Kd6 52. Kf6 Bh7 53. Bh5
Kd7 54. Bg6 1-0

[Event "5. Open BMW Augusta-Aragón - Stadium Ca"]
[Site "Zaragoza ESP"]
[Date "2011.12.28"]
[Round "6.7"]
[White "Glavina, Pablo"]
[Black "Ramiro Ovejero, Juan Luis"]
[Result "1-0"]
[WhiteElo "2468"]
[BlackElo "2303"]
[PlyCount "71"]
[EventDate "2011.12.23"]
[EventType "swiss"]
[EventRounds "9"]
[EventCountry "ESP"]
[Source "lmi"]
[SourceDate "2011.12.23"]

1. d4 Nf6 2. c4 c5 3. e3 g6 4. Nc3 Bg7 5. Be2 O-O 6. Bf3 Nc6 7. Nge2 cxd4 8.
exd4 d6 9. h3 Bd7 10. O-O Rc8 11. b3 a6 12. Be3 Na5 13. Qd3 Bf5 14. Qd2 b5 15.
cxb5 axb5 16. Nxb5 Ne4 17. Qd1 Qb6 18. a4 d5 19. Nf4 Rfd8 20. g4 Be6 21. Qd3
Nd6 22. Bxd5 Bxd5 23. Nxd5 Qb7 24. Nf4 e5 25. dxe5 Nf5 26. Nd6 Nxd6 27. exd6
Bxa1 28. Rxa1 Qxb3 29. Qxb3 Nxb3 30. Rb1 Nc5 31. Nd5 Nxa4 32. Ne7+ Kf8 33. Nxc8
Rxc8 34. d7 Rd8 35. Rb4 Nc3 36. Bg5 1-0

[Event "5. Open BMW Augusta-Aragón - Stadium Ca"]
[Site "Zaragoza ESP"]
[Date "2011.12.28"]
[Round "6.8"]
[White "Moreno Gracia, Daniel"]
[Black "Perez Mitjans, Orelvis"]
[Result "1/2-1/2"]
[WhiteElo "2298"]
[BlackElo "2457"]
[PlyCount "123"]
[EventDate "2011.12.23"]
[EventType "swiss"]
[EventRounds "9"]
[EventCountry "ESP"]
[Source "lmi"]
[SourceDate "2011.12.23"]

1. d4 d5 2. Nf3 Nc6 3. c4 Bg4 4. Nc3 e6 5. Bf4 Bxf3 6. gxf3 Nf6 7. e3 Be7 8. a3
O-O 9. Bd3 a6 10. O-O Nh5 11. Bg3 Qd7 12. Rc1 g6 13. Re1 Rfd8 14. cxd5 exd5 15.
Na4 Nxg3 16. hxg3 Re8 17. Qc2 Nd8 18. f4 Ne6 19. b4 Bd6 20. Kg2 b6 21. Nc3 Bf8
22. Be2 b5 23. Bf3 c6 24. Nd1 Nxd4 25. Qc3 Nxf3 26. Kxf3 Re6 27. Nb2 Bg7 28.
Qc2 Bxb2 29. Qxb2 a5 30. Qc3 Ra6 31. Red1 Re4 32. Rd4 axb4 33. axb4 Rxd4 34.
exd4 h5 35. Kg2 h4 36. gxh4 Ra2 37. Qg3 Qf5 38. Re1 Rd2 39. Re5 Qd3 40. Re3
Qxd4 41. f5 Qf6 42. fxg6 Qxg6 43. Qxg6+ fxg6 44. Rc3 Rd4 45. Rxc6 Kg7 46. Rc5
Rxb4 47. Rxd5 Kf6 48. f4 Rxf4 49. Rxb5 Rxh4 50. Kg3 Re4 51. Ra5 Kg7 52. Rb5 Kh6
53. Ra5 Re1 54. Kf2 Rh1 55. Kg2 Rh5 56. Rxh5+ Kxh5 57. Kh3 Kg5 58. Kg3 Kf5 59.
Kf3 g5 60. Kg3 g4 61. Kg2 Kg5 62. Kg3 1/2-1/2

[Event "5. Open BMW Augusta-Aragón - Stadium Ca"]
[Site "Zaragoza ESP"]
[Date "2011.12.28"]
[Round "6.9"]
[White "Vassallo Barroche, Mauricio"]
[Black "Romon Poves, Raul"]
[Result "1/2-1/2"]
[WhiteElo "2429"]
[BlackElo "2296"]
[PlyCount "45"]
[EventDate "2011.12.23"]
[EventType "swiss"]
[EventRounds "9"]
[EventCountry "ESP"]
[Source "lmi"]
[SourceDate "2011.12.23"]

1. Nf3 Nf6 2. g3 g6 3. b3 Bg7 4. Bb2 O-O 5. Bg2 d5 6. c4 c6 7. O-O Bg4 8. d3
Nbd7 9. Nbd2 Re8 10. cxd5 cxd5 11. h3 Bxf3 12. Nxf3 e5 13. e3 e4 14. dxe4 dxe4
15. Nd2 Nc5 16. Rb1 Nd5 17. Bxg7 Kxg7 18. Qc2 Rc8 19. Qb2+ Kg8 20. Rbc1 f5 21.
Qd4 Ne6 22. Qb2 Nc5 23. Qd4 1/2-1/2

[Event "5. Open BMW Augusta-Aragón - Stadium Ca"]
[Site "Zaragoza ESP"]
[Date "2011.12.28"]
[Round "6.11"]
[White "Forcen Esteban, Daniel"]
[Black "Villuendas Valero, Adrian"]
[Result "1-0"]
[WhiteElo "2410"]
[BlackElo "2267"]
[PlyCount "37"]
[EventDate "2011.12.23"]
[EventType "swiss"]
[EventRounds "9"]
[EventCountry "ESP"]
[Source "lmi"]
[SourceDate "2011.12.23"]

1. e4 e6 2. d4 d5 3. Nc3 Nf6 4. e5 Nfd7 5. f4 c5 6. Nf3 Nc6 7. Be3 Qb6 8. Qd2
Qxb2 9. Rb1 Qa3 10. Nb5 Qxa2 11. Rd1 cxd4 12. Nfxd4 Bb4 13. c3 Qxd2+ 14. Kxd2
Ba5 15. Ra1 Bd8 16. Nd6+ Ke7 17. Nxc6+ bxc6 18. Rxa7 Rb8 19. Bc5 1-0

[Event "5. Open BMW Augusta-Aragón - Stadium Ca"]
[Site "Zaragoza ESP"]
[Date "2011.12.28"]
[Round "6.12"]
[White "Accattato Martin, Mario"]
[Black "Chueca Forcen, Alberto"]
[Result "0-1"]
[WhiteElo "2185"]
[BlackElo "2350"]
[PlyCount "34"]
[EventDate "2011.12.23"]
[EventType "swiss"]
[EventRounds "9"]
[EventCountry "ESP"]
[Source "lmi"]
[SourceDate "2011.12.23"]

1. e4 e6 2. Nf3 d5 3. Nc3 d4 4. Ne2 c5 5. c3 Nf6 6. cxd4 cxd4 7. Nexd4 Nxe4 8.
Nxe6 Bxe6 9. Qa4+ Nc6 10. Qxe4 Bc5 11. Bc4 O-O 12. Bxe6 Re8 13. O-O Rxe6 14.
Qf5 Nd4 15. Qxc5 Nxf3+ 16. gxf3 Rg6+ 17. Kh1 Qd3 0-1

[Event "5. Open BMW Augusta-Aragón - Stadium Ca"]
[Site "Zaragoza ESP"]
[Date "2011.12.28"]
[Round "6.13"]
[White "Juberias Segura, Santiago"]
[Black "Sgnaolin, Davide"]
[Result "0-1"]
[WhiteElo "2045"]
[BlackElo "2242"]
[PlyCount "186"]
[EventDate "2011.12.23"]
[EventType "swiss"]
[EventRounds "9"]
[EventCountry "ESP"]
[Source "lmi"]
[SourceDate "2011.12.23"]

1. c4 c5 2. g3 Nc6 3. Bg2 g6 4. Nc3 Bg7 5. Rb1 Nf6 6. a3 O-O 7. b4 cxb4 8. axb4
a5 9. b5 Nb4 10. Ba3 d5 11. Bxb4 axb4 12. Nxd5 Nxd5 13. cxd5 Bd7 14. Nh3 Bxh3
15. Bxh3 Qxd5 16. O-O Qxb5 17. Qb3 Qxe2 18. Qxb4 e6 19. Rfe1 Qd3 20. Bf1 Qd7
21. Qxb7 Qxd2 22. Red1 Qg5 23. Bg2 Ra2 24. Qb3 Qa5 25. Qf3 Ra3 26. Qb7 h5 27.
Qb4 Qa7 28. Qb7 Qa4 29. Qb4 Qa6 30. Qb5 Qxb5 31. Rxb5 Rc8 32. Rb7 Ra2 33. Be4
Ra4 34. Bb1 Bd4 35. Kg2 h4 36. Rd3 hxg3 37. hxg3 Ra7 38. Rb5 Bf6 39. Rd1 Kg7
40. Rb3 Rac7 41. Rb5 Ra8 42. Be4 Ra2 43. Rb3 Re2 44. Kf3 Ra2 45. Kg2 Ra4 46.
Bb1 Bd4 47. Rb5 e5 48. Rb3 Ra6 49. f4 Rf6 50. Rf3 Rb7 51. Be4 Rb2+ 52. Kh3 Ra2
53. Bd3 Rb2 54. Be4 Rb4 55. fxe5 Rxf3 56. Bxf3 Bxe5 57. Rd7 Rb6 58. Bd5 Rf6 59.
Kg2 Bc3 60. Bb3 Ba5 61. Rb7 Bc3 62. Rd7 Bb4 63. Rc7 Be1 64. Re7 Bd2 65. Bc4 Bg5
66. Rd7 Be3 67. Rb7 Rf2+ 68. Kh3 Bc5 69. Bd5 Bd6 70. Rd7 Bc5 71. Rb7 Bd4 72.
Rc7 Kf8 73. Kg4 Be5 74. Ra7 Bd4 75. Rb7 Be3 76. Rb8+ Kg7 77. Rb7 Bc5 78. Kh3
Bd6 79. Ra7 Bc5 80. Rb7 g5 81. Rc7 Bd6 82. Rd7 Be5 83. Re7 Bb2 84. Rb7 Bc1 85.
Rc7 Ba3 86. Ra7 Bf8 87. Rb7 Kf6 88. Rb6+ Kf5 89. g4+ Ke5 90. Bb7 Bd6 91. Rb5+
Ke6 92. Bc8+ Ke7 93. Rb7+ Kf8 0-1

[Event "5. Open BMW Augusta-Aragón - Stadium Ca"]
[Site "Zaragoza ESP"]
[Date "2011.12.28"]
[Round "6.14"]
[White "Cobo Garrido, Diego Israel"]
[Black "Lamas Mercadal, Manuel"]
[Result "0-1"]
[WhiteElo "2039"]
[BlackElo "2202"]
[PlyCount "82"]
[EventDate "2011.12.23"]
[EventType "swiss"]
[EventRounds "9"]
[EventCountry "ESP"]
[Source "lmi"]
[SourceDate "2011.12.23"]

1. e4 c5 2. Nf3 d6 3. d4 cxd4 4. Nxd4 Nf6 5. Nc3 g6 6. Bc4 Bg7 7. O-O O-O 8.
Bg5 Nc6 9. Bb3 Bd7 10. Re1 Na5 11. Bd5 e6 12. Bb3 Nxb3 13. Nxb3 Bc6 14. Qd2 Qc7
15. Rad1 d5 16. e5 Ne4 17. Nxe4 dxe4 18. Bf6 Bxf6 19. exf6 Qe5 20. Qd4 Qxd4 21.
Nxd4 Rac8 22. Nxc6 Rxc6 23. c3 e5 24. Rxe4 Rxf6 25. Rxe5 Rc8 26. Rd7 Rb6 27.
Ree7 Rxb2 28. h4 Rf8 29. g3 Rxa2 30. Rxb7 a5 31. Ra7 a4 32. Kg2 a3 33. Rec7 h5
34. Kf3 Ra1 35. c4 a2 36. Kf4 Kg7 37. Kg5 Rd1 38. Rxa2 Rd4 39. f3 Re8 40. Ra5
Re3 41. Rd5 Rxf3 0-1

[Event "5. Open BMW Augusta-Aragón - Stadium Ca"]
[Site "Zaragoza ESP"]
[Date "2011.12.28"]
[Round "6.15"]
[White "Dauletova, Gulmira"]
[Black "Garcia Gracia, Victor Hugo"]
[Result "1-0"]
[WhiteElo "2283"]
[BlackElo "1972"]
[PlyCount "87"]
[EventDate "2011.12.23"]
[EventType "swiss"]
[EventRounds "9"]
[EventCountry "ESP"]
[Source "lmi"]
[SourceDate "2011.12.23"]

1. e4 c5 2. Nf3 Nc6 3. d4 cxd4 4. Nxd4 Nf6 5. Nc3 e5 6. Ndb5 d6 7. Nd5 Nxd5 8.
exd5 Ne7 9. c3 Nf5 10. a4 Be7 11. Bd3 O-O 12. O-O Bd7 13. Qe2 a6 14. Na3 Qc7
15. Nc2 Bd8 16. a5 Ne7 17. c4 f5 18. f3 f4 19. b4 Rc8 20. Bd2 Bf5 21. Na3 Bxd3
22. Qxd3 Nf5 23. Rfc1 Nd4 24. Rab1 Be7 25. Be1 Nf5 26. Bf2 Qd7 27. c5 Rc7 28.
Nc4 g6 29. Nb6 Qd8 30. Qe4 Rf7 31. Rc2 Bg5 32. Nc4 Rfd7 33. Rd1 Be7 34. Nb6 Bf8
35. Nxd7 Qxd7 36. c6 Qc8 37. Rdc1 bxc6 38. Rxc6 Rxc6 39. Rxc6 Qb7 40. Qc4 Ne3
41. Bxe3 fxe3 42. Kf1 Qe7 43. Ke2 Qg5 44. Qg4 1-0

[Event "5. Open BMW Augusta-Aragón - Stadium Ca"]
[Site "Zaragoza ESP"]
[Date "2011.12.29"]
[Round "7.1"]
[White "Korneev, Oleg"]
[Black "Kogan, Artur"]
[Result "1/2-1/2"]
[WhiteElo "2608"]
[BlackElo "2572"]
[PlyCount "34"]
[EventDate "2011.12.23"]
[EventType "swiss"]
[EventRounds "9"]
[EventCountry "ESP"]
[Source "lmi"]
[SourceDate "2011.12.23"]

1. e4 c5 2. Nf3 e6 3. d4 cxd4 4. Nxd4 a6 5. Bd3 Nf6 6. O-O e5 7. Nf3 Nc6 8. Nc3
h6 9. Be3 d6 10. Bc4 Be7 11. Nd5 Nxd5 12. Bxd5 O-O 13. Qe2 Be6 14. Rfd1 Qc7 15.
c4 Nb8 16. Rac1 Nd7 17. b4 Rac8 1/2-1/2

[Event "5. Open BMW Augusta-Aragón - Stadium Ca"]
[Site "Zaragoza ESP"]
[Date "2011.12.29"]
[Round "7.2"]
[White "Mirzoev, Azer"]
[Black "Garza Marco, Sergio"]
[Result "1-0"]
[WhiteElo "2510"]
[BlackElo "2394"]
[PlyCount "87"]
[EventDate "2011.12.23"]
[EventType "swiss"]
[EventRounds "9"]
[EventCountry "ESP"]
[Source "lmi"]
[SourceDate "2011.12.23"]

1. d4 d5 2. c4 c6 3. Nc3 Nf6 4. e3 g6 5. Nf3 Bg7 6. Qb3 O-O 7. Bd2 b6 8. Bd3
Bb7 9. O-O e6 10. Rfd1 Nbd7 11. Qa3 a5 12. Qd6 Ne8 13. Qg3 f5 14. Rac1 Rc8 15.
Ne2 Qe7 16. Nf4 Nd6 17. Ng5 Rf6 18. cxd5 exd5 19. h4 Ne4 20. Nxe4 fxe4 21. Be2
Rcf8 22. a3 Bh6 23. Rc2 c5 24. dxc5 Bxf4 25. exf4 bxc5 26. Bg4 Nb6 27. Bxa5 d4
28. b4 Nd5 29. bxc5 d3 30. Rb2 Rxf4 31. Rdb1 Bc6 32. Rb8 e3 33. fxe3 Qxe3+ 34.
Qxe3 Nxe3 35. Be6+ Kg7 36. Bc3+ Kh6 37. Rxf8 Rxf8 38. Bd2 Kh5 39. Bxe3 Re8 40.
g4+ Kxh4 41. Bf2+ Kh3 42. Re1 Bf3 43. Re3 Rxe6 44. Rxf3+ 1-0

[Event "5. Open BMW Augusta-Aragón - Stadium Ca"]
[Site "Zaragoza ESP"]
[Date "2011.12.29"]
[Round "7.3"]
[White "Georgiev, Kiril"]
[Black "Glavina, Pablo"]
[Result "1-0"]
[WhiteElo "2666"]
[BlackElo "2468"]
[PlyCount "83"]
[EventDate "2011.12.23"]
[EventType "swiss"]
[EventRounds "9"]
[EventCountry "ESP"]
[Source "lmi"]
[SourceDate "2011.12.23"]

1. d4 Nf6 2. c4 c5 3. d5 e6 4. Nc3 exd5 5. cxd5 d6 6. Nf3 g6 7. Bf4 Bg7 8. Qa4+
Bd7 9. Qb3 b5 10. Bxd6 c4 11. Qd1 Bf5 12. Be5 Nbd7 13. Bd4 b4 14. Na4 Qa5 15.
e3 Rc8 16. Be2 O-O 17. O-O Nxd5 18. Bxg7 Kxg7 19. Nd4 N7f6 20. Nxf5+ gxf5 21.
b3 Rfd8 22. Qc2 cxb3 23. Qxb3 Nc3 24. Nxc3 Rxc3 25. Qb2 Rdc8 26. Bf3 Qa3 27.
Qd2 Rd3 28. Qe2 Rcd8 29. Rac1 Rd2 30. Qb5 Kg6 31. h4 Qd3 32. Qxb4 Rxa2 33. Qf4
h6 34. Rcd1 Rd2 35. h5+ Kg7 36. Rxd2 Qxd2 37. Qxf5 Qb2 38. Rb1 Qc3 39. g3 Re8
40. Rb7 Kg8 41. Bd5 Rxe3 42. Qg6+ 1-0

[Event "5. Open BMW Augusta-Aragón - Stadium Ca"]
[Site "Zaragoza ESP"]
[Date "2011.12.29"]
[Round "7.4"]
[White "Paunovic, Dragan"]
[Black "Forcen Esteban, Daniel"]
[Result "1/2-1/2"]
[WhiteElo "2528"]
[BlackElo "2410"]
[PlyCount "61"]
[EventDate "2011.12.23"]
[EventType "swiss"]
[EventRounds "9"]
[EventCountry "ESP"]
[Source "lmi"]
[SourceDate "2011.12.23"]

1. Nf3 c5 2. g3 g6 3. Bg2 Bg7 4. c4 Nc6 5. O-O e5 6. Nc3 d6 7. a3 a5 8. Ne1 Be6
9. Nd5 Nge7 10. Nc2 O-O 11. Rb1 Rb8 12. b4 b5 13. Nxe7+ Nxe7 14. cxb5 axb4 15.
axb4 Rxb5 16. d3 Nd5 17. Bd2 cxb4 18. Nxb4 Nxb4 19. Rxb4 Rxb4 20. Bxb4 Qb6 21.
Bd2 Qb2 22. Bc1 Qa2 23. Qd2 Qxd2 24. Bxd2 Rb8 25. Bc1 d5 26. h4 f5 27. Ba3 Rb3
28. Bc5 Rc3 29. Bb4 Rb3 30. Bc5 Rc3 31. Bb4 1/2-1/2

[Event "5. Open BMW Augusta-Aragón - Stadium Ca"]
[Site "Zaragoza ESP"]
[Date "2011.12.29"]
[Round "7.6"]
[White "Romon Poves, Raul"]
[Black "Cifuentes Parada, Roberto"]
[Result "0-1"]
[WhiteElo "2296"]
[BlackElo "2523"]
[PlyCount "64"]
[EventDate "2011.12.23"]
[EventType "swiss"]
[EventRounds "9"]
[EventCountry "ESP"]
[Source "lmi"]
[SourceDate "2011.12.23"]

1. e4 c5 2. Nf3 Nc6 3. d4 cxd4 4. Nxd4 Nf6 5. Nc3 d6 6. Bc4 Bd7 7. O-O g6 8.
Bg5 Bg7 9. Nd5 Nxd5 10. Nxc6 bxc6 11. exd5 h6 12. Bh4 O-O 13. c3 Rb8 14. Qe2 g5
15. Bg3 cxd5 16. Bxd5 Bb5 17. c4 Ba6 18. Rab1 e6 19. Bf3 d5 20. b3 Rc8 21. Rfd1
Qa5 22. b4 Qa4 23. b5 Bb7 24. Rdc1 a6 25. cxd5 exd5 26. b6 Rxc1+ 27. Rxc1 Re8
28. Qd2 g4 29. Bd1 Qd4 30. Qa5 Qb2 31. Rc2 Bc3 32. f3 Qxc2 0-1

[Event "5. Open BMW Augusta-Aragón - Stadium Ca"]
[Site "Zaragoza ESP"]
[Date "2011.12.29"]
[Round "7.7"]
[White "Gonzalez Perez, Arian"]
[Black "Moreno Gracia, Daniel"]
[Result "1-0"]
[WhiteElo "2474"]
[BlackElo "2298"]
[PlyCount "93"]
[EventDate "2011.12.23"]
[EventType "swiss"]
[EventRounds "9"]
[EventCountry "ESP"]
[Source "lmi"]
[SourceDate "2011.12.23"]

1. d4 d5 2. c4 e6 3. Nc3 c6 4. Nf3 Nf6 5. Bg5 h6 6. Bh4 dxc4 7. e4 g5 8. Bg3 b5
9. Be2 Bb7 10. O-O Nbd7 11. Ne5 Bg7 12. Nxd7 Nxd7 13. Bd6 b4 14. Na4 Bf8 15.
Bxf8 Kxf8 16. Bxc4 Kg7 17. Rc1 Qe7 18. Qb3 Rad8 19. f4 Rhf8 20. Qe3 f6 21. Bb3
a5 22. h4 gxh4 23. Qh3 f5 24. Rfe1 Qf6 25. Kh1 Rde8 26. Nc5 Nxc5 27. Rxc5 Qxd4
28. Re5 Qf2 29. exf5 Qxf4 30. R1e4 Qc1+ 31. Kh2 c5 32. Rg4+ Kh7 33. Bxe6 Qxb2
34. Rxc5 Re7 35. Rg6 Qf2 36. Qg4 Qg3+ 37. Qxg3 hxg3+ 38. Kxg3 a4 39. Rc4 Kh8
40. Rxh6+ Kg7 41. Rg6+ Kh8 42. f6 Rh7 43. f7 Rhxf7 44. Bxf7 Rxf7 45. Rh4+ Rh7
46. Rxh7+ Kxh7 47. Rb6 1-0

[Event "5. Open BMW Augusta-Aragón - Stadium Ca"]
[Site "Zaragoza ESP"]
[Date "2011.12.29"]
[Round "7.8"]
[White "Perez Mitjans, Orelvis"]
[Black "Chueca Forcen, Alberto"]
[Result "1-0"]
[WhiteElo "2457"]
[BlackElo "2350"]
[PlyCount "165"]
[EventDate "2011.12.23"]
[EventType "swiss"]
[EventRounds "9"]
[EventCountry "ESP"]
[Source "lmi"]
[SourceDate "2011.12.23"]

1. e4 e6 2. d3 d5 3. Nd2 c5 4. Ngf3 Nc6 5. g3 Nf6 6. Bg2 Be7 7. O-O O-O 8. e5
Nd7 9. Re1 b5 10. Nf1 a5 11. h4 b4 12. h5 a4 13. h6 g6 14. N1h2 Ba6 15. Ng4 Nd4
16. Bf4 b3 17. cxb3 axb3 18. Nxd4 cxd4 19. a3 Rc8 20. Qxb3 Nc5 21. Qd1 Qb6 22.
b4 Nxd3 23. Qd2 Nxe1 24. Rxe1 d3 25. Bg5 Rc2 26. Qf4 Rc4 27. Nf6+ Kh8 28. Qf3
Qc7 29. Ne8 Qd8 30. Bxe7 Qxe7 31. Nd6 d2 32. Rf1 f5 33. b5 Bxb5 34. Nxb5 Rb8
35. a4 Rxa4 36. Nd6 Kg8 37. Qc3 Ra2 38. Rd1 Qa7 39. Kh2 Qxf2 40. Qc7 Qa7 41.
Qxa7 Rxa7 42. Rxd2 Kf8 43. Rc2 Rd7 44. g4 Ke7 45. Bf1 Rb4 46. Bb5 Rxg4 47. Rc8
Rd8 48. Rc7+ Kf8 49. Rxh7 Kg8 50. Rg7+ Kf8 51. Rf7+ Kg8 52. h7+ Kh8 53. Ne8 Rb4
54. Bd7 Rxd7 55. Rxd7 Rh4+ 56. Kg3 Rxh7 57. Rd8 Re7 58. Kf4 Kg8 59. Nf6+ Kg7
60. Kg5 Ra7 61. Rg8+ Kf7 62. Rxg6 Ra1 63. Rh6 Rg1+ 64. Kf4 Rf1+ 65. Ke3 Re1+
66. Kd4 Kg7 67. Rh2 Kg6 68. Rg2+ Kh6 69. Rg8 Rd1+ 70. Kc5 d4 71. Kd6 d3 72.
Kxe6 Ra1 73. Rg2 Rb1 74. Kxf5 Rf1+ 75. Ke6 Rb1 76. Rd2 Kg5 77. Rxd3 Kf4 78.
Rd4+ Kg5 79. Rg4+ Kh6 80. Ne4 Rb2 81. Kf5 Rb5 82. Kf6 Kh7 83. e6 1-0

[Event "5. Open BMW Augusta-Aragón - Stadium Ca"]
[Site "Zaragoza ESP"]
[Date "2011.12.29"]
[Round "7.9"]
[White "Sgnaolin, Davide"]
[Black "Vassallo Barroche, Mauricio"]
[Result "1/2-1/2"]
[WhiteElo "2242"]
[BlackElo "2429"]
[PlyCount "101"]
[EventDate "2011.12.23"]
[EventType "swiss"]
[EventRounds "9"]
[EventCountry "ESP"]
[Source "lmi"]
[SourceDate "2011.12.23"]

1. e4 g6 2. d4 Bg7 3. Nf3 d6 4. Nc3 Nf6 5. Be2 O-O 6. O-O a6 7. a4 e6 8. a5 Nc6
9. Be3 Ng4 10. Bg5 f6 11. Bd2 Nh6 12. Qc1 Nf7 13. d5 exd5 14. exd5 Ne7 15. Nd4
Ne5 16. Bh6 Bxh6 17. Qxh6 Nf5 18. Qd2 Nxd4 19. Qxd4 f5 20. f4 Nd7 21. Bf3 Nf6
22. Rfe1 Bd7 23. Re3 Re8 24. Rae1 Rxe3 25. Qxe3 Qf8 26. Qd4 Re8 27. Rxe8 Qxe8
28. Kf2 Kf7 29. Qe3 Qd8 30. h3 b6 31. axb6 cxb6 32. Ne2 Qc7 33. Qc3 Qc5+ 34.
Qxc5 dxc5 35. Nc1 Ke7 36. Nd3 Kd6 37. Ne5 Be8 38. Nc4+ Ke7 39. Nxb6 Bb5 40. c4
Be8 41. Bd1 Kd6 42. Ke3 Kc7 43. Na4 Bxa4 44. Bxa4 Ne4 45. Bc2 Nd6 46. Bd3 a5
47. Kd2 Kb6 48. Ke3 Kc7 49. g4 Kd7 50. Kf3 Ke7 51. g5 1/2-1/2

[Event "5. Open BMW Augusta-Aragón - Stadium Ca"]
[Site "Zaragoza ESP"]
[Date "2011.12.29"]
[Round "7.12"]
[White "Rzayev, Bahruz"]
[Black "Iturbide Arnedo, Oscar"]
[Result "0-1"]
[WhiteElo "2313"]
[BlackElo "2117"]
[PlyCount "94"]
[EventDate "2011.12.23"]
[EventType "swiss"]
[EventRounds "9"]
[EventCountry "ESP"]
[Source "lmi"]
[SourceDate "2011.12.23"]

1. Nf3 g6 2. e4 Bg7 3. d4 c5 4. c3 cxd4 5. cxd4 d5 6. e5 Nc6 7. Bb5 Nh6 8. O-O
O-O 9. Bxc6 bxc6 10. h3 f6 11. Nc3 Nf7 12. Re1 fxe5 13. dxe5 d4 14. Nxd4 Nxe5
15. Bg5 Qxd4 16. Qxd4 Nf3+ 17. gxf3 Bxd4 18. Kg2 e5 19. Rac1 Rb8 20. Re2 Ba6
21. Rd2 Rf5 22. Ne4 c5 23. Be7 Rxb2 24. Rxb2 Bxb2 25. Rxc5 Bd4 26. Rc7 Bb6 27.
Rd7 Bc8 28. Rd3 Be6 29. a4 Kg7 30. Rd6 Bb3 31. Bf6+ Kh6 32. a5 Bxa5 33. Rd7 Bb6
34. h4 Rxf6 35. Nxf6 g5 36. Ng4+ Kh5 37. Rxh7+ Kg6 38. Rh6+ Kg7 39. hxg5 Bd4
40. Ne3 a5 41. Nf5+ Kf7 42. Nxd4 exd4 43. Rd6 a4 44. Rxd4 a3 45. Rd8 a2 46. Ra8
Kg6 47. f4 Bd5+ 0-1

[Event "5. Open BMW Augusta-Aragón - Stadium Ca"]
[Site "Zaragoza ESP"]
[Date "2011.12.29"]
[Round "7.13"]
[White "Ramiro Ovejero, Juan Luis"]
[Black "Guidi, Maurizio"]
[Result "1-0"]
[WhiteElo "2303"]
[BlackElo "2076"]
[PlyCount "87"]
[EventDate "2011.12.23"]
[EventType "swiss"]
[EventRounds "9"]
[EventCountry "ESP"]
[Source "lmi"]
[SourceDate "2011.12.23"]

1. e4 b6 2. d4 Bb7 3. Bd3 e6 4. Nf3 d6 5. O-O Nd7 6. c4 g6 7. Nc3 Bg7 8. Be3
Ne7 9. Qd2 h6 10. Rad1 a6 11. b4 Kf8 12. Bc2 Kg8 13. Ne1 Kh7 14. Nd3 Nc6 15.
Ne2 Re8 16. f3 e5 17. d5 Ne7 18. c5 bxc5 19. bxc5 dxc5 20. Nxc5 Nxc5 21. Bxc5
a5 22. Ba4 Rg8 23. Rb1 Bc8 24. Rfc1 Bf6 25. Be3 Bd7 26. Bxd7 Qxd7 27. Rb7 Rgc8
28. Qc2 Rab8 29. Rxb8 Rxb8 30. Qxc7 Qb5 31. Qc4 Qb2 32. d6 Rc8 33. Qxf7+ Bg7
34. Re1 Qb4 35. Rd1 Nc6 36. Qb3 Rd8 37. Qxb4 axb4 38. Bb6 Ra8 39. Nc1 Bf6 40.
d7 Kg7 41. Nb3 Kf7 42. Rc1 Na7 43. d8=Q Bxd8 44. Bxd8 1-0

[Event "5. Open BMW Augusta-Aragón - Stadium Ca"]
[Site "Zaragoza ESP"]
[Date "2011.12.29"]
[Round "7.14"]
[White "Castillo Sanjuan, Daniel"]
[Black "Hernandez Estevez, Yudania"]
[Result "0-1"]
[WhiteElo "2047"]
[BlackElo "2284"]
[PlyCount "90"]
[EventDate "2011.12.23"]
[EventType "swiss"]
[EventRounds "9"]
[EventCountry "ESP"]
[Source "lmi"]
[SourceDate "2011.12.23"]

1. e4 e5 2. Nf3 Nc6 3. d4 exd4 4. Nxd4 g6 5. Be3 Bg7 6. c3 Nf6 7. Nd2 O-O 8.
Be2 Re8 9. Qc2 d5 10. O-O-O Qe7 11. Nxc6 bxc6 12. Bg5 Qe6 13. Rhe1 Nxe4 14. Bd3
Qg4 15. h4 Nd6 16. g3 Bf5 17. Bf4 Bxd3 18. Qxd3 Qd7 19. Nb3 a5 20. Nc5 Qc8 21.
h5 a4 22. hxg6 fxg6 23. a3 Ra5 24. Bxd6 cxd6 25. Rxe8+ Qxe8 26. Nb7 Ra8 27.
Nxd6 Qf8 28. Nc4 dxc4 29. Qxc4+ Kh8 30. Qxc6 Rb8 31. f4 Qe7 32. Qf3 Qe6 33. Rd5
Qb6 34. Rd2 Qg1+ 35. Rd1 Qb6 36. Qe2 Bxc3 37. Rd3 Bxb2+ 38. Kd1 Rc8 39. Qg2
Bxa3 40. Qd5 Bb2 41. Qd7 Qc6 42. Qxc6 Rxc6 43. Rd8+ Kg7 44. Ra8 a3 45. Kd2 h5
0-1